000 005880000a22001810004500
090 _aAR
_b00080
245 1 0 _aCourstship, eggs, and development of the plains topminnow in Nebraska (<Actinopterygii: Fundulidae>)
650 1 4 _aPeces
_992349
650 1 4 _aBiología reproductiva
_93705
650 1 4 _aAcuarios
_94326
651 4 _dNebraska
_pEstados Unidos
_992749
653 _fFundulidae
_gFundulus
_eFundulus sciadicus
041 0 _aInglés
700 1 _aLynch, John D.
_992907
100 1 _aKaufmann, Scott A.
_992937
942 _cARTICULO
773 1 _tPrairie Nat.
_340
_h1
_q41-45
_d1991
_g23
999 _c9181
_d9181